|
|
|
|
| LEADER |
01913nab a2200541 i 4500 |
| 001 |
publ37613 |
| 005 |
20251002153139.0 |
| 008 |
250903s2025 hu o 000 eng d |
| 022 |
|
|
|a 2047-2404
|
| 024 |
7 |
|
|a 10.1093/ehjci/jeaf238
|2 doi
|
| 024 |
7 |
|
|a 36312956
|2 mtmt
|
| 040 |
|
|
|a SZTE Publicatio Repozitórium
|b hun
|
| 041 |
|
|
|a eng
|
| 100 |
2 |
|
|a Wierzbowska-Drabik Karina
|
| 245 |
1 |
0 |
|a Hypercontractile phenotype in hypertrophic cardiomyopathy indicates unfavorable hemodynamics, coronary flow and prognosis
|h [elektronikus dokumentum] /
|c Wierzbowska-Drabik Karina
|
| 260 |
|
|
|c 2025
|
| 300 |
|
|
|a 1675-1684
|
| 490 |
0 |
|
|a EUROPEAN HEART JOURNAL-CARDIOVASCULAR IMAGING
|v 26 No. 10
|
| 650 |
|
4 |
|a Klinikai orvostan
|
| 700 |
0 |
1 |
|a Pálinkás Eszter Dalma
|e aut
|
| 700 |
0 |
1 |
|a D’Alfonso Maria Grazia
|e aut
|
| 700 |
0 |
1 |
|a Mori Fabio
|e aut
|
| 700 |
0 |
2 |
|a Del Franco Annamaria
|e aut
|
| 700 |
0 |
2 |
|a Vazquez Jesus Peteiro
|e aut
|
| 700 |
0 |
2 |
|a Re Federica
|e aut
|
| 700 |
0 |
2 |
|a Tesic Milorad
|e aut
|
| 700 |
0 |
2 |
|a Djordjevic-Dikic Ana
|e aut
|
| 700 |
0 |
2 |
|a Pálinkás Attila
|e aut
|
| 700 |
0 |
2 |
|a Rosa Silvia Aguiar
|e aut
|
| 700 |
0 |
2 |
|a Losi Maria Angela
|e aut
|
| 700 |
0 |
2 |
|a Rodriguez-Zanella Hugo
|e aut
|
| 700 |
0 |
2 |
|a Cruz Ines
|e aut
|
| 700 |
0 |
2 |
|a Lopes Luis Rocha
|e aut
|
| 700 |
0 |
2 |
|a Nemes Attila
|e aut
|
| 700 |
0 |
2 |
|a Arruda-Olson Adelaide
|e aut
|
| 700 |
0 |
2 |
|a Wang Yi
|e aut
|
| 700 |
0 |
2 |
|a Yin Lixue
|e aut
|
| 700 |
0 |
2 |
|a Tripepi Giovanni L.
|e aut
|
| 700 |
0 |
2 |
|a Broncel Marlena
|e aut
|
| 700 |
0 |
2 |
|a Bartolacelli Ylenia
|e aut
|
| 700 |
0 |
2 |
|a Pepi Mauro
|e aut
|
| 700 |
0 |
2 |
|a Carerj Scipione
|e aut
|
| 700 |
0 |
2 |
|a Ciampi Quirino
|e aut
|
| 700 |
0 |
2 |
|a Pellikka Patricia
|e aut
|
| 700 |
0 |
2 |
|a Olivotto Iacopo
|e aut
|
| 700 |
0 |
2 |
|a Picano Eugenio
|e aut
|
| 700 |
0 |
2 |
|a Kollaborációs szervezet: Stress Echo 2030 study group of the SIECVI
|e aut
|
| 856 |
4 |
0 |
|u http://publicatio.bibl.u-szeged.hu/37613/1/Wierzbowska-Drabik2025.pdf
|z Dokumentum-elérés
|